000 00656nam a2200217 4500
003 OSt
005 20240702012549.0
006 a
008 240702b |||||||| |||| 00| 0 eng d
020 _a9781602397064
040 _aDWCL-Main lib.
_cOC
082 _aRes. 027.009 M984l 2009
100 _aMurray, Stuart A P
245 _aThe library : an illustrated history /
260 _aNew York :
_bSkyhorse Pub. ,
_cc2009.
300 _ax,
_b310 p. : col. photos ;
_c25 cm.
504 _aIncludes bibliographical references & index.
650 _a1. Libraries-History.
650 _a 2. Libraries-Pictorial works.
942 _2ddc
_n0
_cBK-0 CIRC
_kRes.
999 _c1751
_d1751